[Event "FICGS theme 0001 email"]
[Site "FICGS email"]
[Date "2010.09.18"]
[Round "1"]
[White "Friend, Reuben"]
[Black "Golebiowski, Adam"]
[Result "1/2-1/2"]
[WhiteElo "1800"]
[BlackElo "1800"]
[PlyCount "48"]
[EventDate "2010.??.??"]
[EventType "swiss (corr)"]
[EventRounds "1"]
[SourceTitle "Corr 2013"]
[Source "ChessBase"]
[SourceDate "2012.11.12"]
[SourceVersion "1"]
[SourceVersionDate "2012.11.12"]
[SourceQuality "1"]

1. e4 e6 2. d4 d5 3. Nc3 Bb4 4. e5 c5 5. dxc5 Ne7 6. Nf3 Nd7 7. Bd3 Qc7 8. 0-0 Bxc3 9. bxc3 Nxc5 10. Re1 Bd7 11. Rb1 Rc8 12. Nd4 Ng6 13. Nb5 Bxb5 14. Bxb5+ Kf8 15. Ba3 Kg8 16. c4 a6 17. cxd5 axb5 18. Rxb5 Na4 19. dxe6 fxe6 20. Qg4 Qc4 21. Re4 Qxa2 22. Re1 Qc4 23. Re4 Qa2 24. Re1 Qc4 1/2-1/2

[Event "FICGS theme 0001 email"]
[Site "FICGS email"]
[Date "2010.09.18"]
[Round "1"]
[White "Golebiowski, Adam"]
[Black "Cirovic, Zeljko"]
[Result "1-0"]
[WhiteElo "1800"]
[BlackElo "1543"]
[PlyCount "55"]
[EventDate "2010.??.??"]
[EventType "swiss (corr)"]
[EventRounds "1"]
[SourceTitle "Corr 2013"]
[Source "ChessBase"]
[SourceDate "2012.11.12"]
[SourceVersion "1"]
[SourceVersionDate "2012.11.12"]
[SourceQuality "1"]

1. e4 e6 2. d4 d5 3. Nc3 c5 4. exd5 exd5 5. dxc5 Nc6 6. Qe2+ Nge7 7. Nb5 Be6 8. Bg5 h6 9. Nd6+ Kd7 10. Be3 Qc7 11. 0-0-0 Nc8 12. c4 Nxd6 13. cxd5 Ne5 14. dxe6+ Kxe6 15. Kb1 Ndc4 16. f4 b5 17. fxe5 Bxc5 18. Qg4+ Ke7 19. Bxc4 bxc4 20. Bxc5+ Qxc5 21. Rd7+ Ke8 22. e6 Qg5 23. exf7+ Kf8 24. Qxg5 hxg5 25. Nf3 Rb8 26. Nxg5 Rh6 27. Re1 a5 28. Rde7 1-0

[Event "FICGS theme 0001 email"]
[Site "FICGS email"]
[Date "2010.09.18"]
[Round "1"]
[White "Simmelink, Joop Theo"]
[Black "Golebiowski, Adam"]
[Result "1-0"]
[WhiteElo "2175"]
[BlackElo "1800"]
[PlyCount "53"]
[EventDate "2010.??.??"]
[EventType "swiss (corr)"]
[EventRounds "1"]
[SourceTitle "Corr 2013"]
[Source "ChessBase"]
[SourceDate "2012.11.12"]
[SourceVersion "1"]
[SourceVersionDate "2012.11.12"]
[SourceQuality "1"]

1. e4 e6 2. d4 d5 3. Nc3 Bb4 4. e5 c5 5. a3 Bxc3+ 6. bxc3 Qc7 7. Qg4 f5 8. Qg3 cxd4 9. cxd4 Ne7 10. Ne2 0-0 11. c3 Bd7 12. h4 Nbc6 13. h5 Rac8 14. h6 g6 15. Nf4 Na5 16. a4 Nb3 17. Rb1 Nxc1 18. Rxc1 Kf7 19. Bb5 Bxb5 20. axb5 Qa5 21. Nh3 f4 22. Qg4 Nf5 23. Ng5+ Kg8 24. Nxe6 Rxc3 25. 0-0 Rfc8 26. Rxc3 Rxc3 27. Qg5 1-0

[Event "FICGS class A 000074 email"]
[Site "FICGS email"]
[Date "2010.07.15"]
[Round "1"]
[White "Golebiowski, Adam"]
[Black "Hrubaru, Mircea"]
[Result "0-1"]
[WhiteElo "2007"]
[BlackElo "2009"]
[PlyCount "28"]
[EventDate "2010.??.??"]
[EventType "tourn (corr)"]
[EventRounds "6"]
[SourceTitle "Corr 2013"]
[Source "ChessBase"]
[SourceDate "2012.11.12"]
[SourceVersion "1"]
[SourceVersionDate "2012.11.12"]
[SourceQuality "1"]

1. d4 d5 2. Nf3 Nf6 3. c4 e6 4. g3 dxc4 5. Bg2 c5 6. 0-0 Nc6 7. dxc5 Qxd1 8. Rxd1 Bxc5 9. Nbd2 Ng4 10. Ne4 Be7 11. Nd6+ Bxd6 12. Rxd6 Ke7 13. Rd1 e5 14. h3 Nh6 0-1

[Event "FICGS class A 000074 email"]
[Site "FICGS email"]
[Date "2010.07.15"]
[Round "1"]
[White "Golebiowski, Adam"]
[Black "Jozefini, Lubor"]
[Result "0-1"]
[WhiteElo "2007"]
[BlackElo "2012"]
[PlyCount "20"]
[EventDate "2010.??.??"]
[EventType "tourn (corr)"]
[EventRounds "6"]
[SourceTitle "Corr 2013"]
[Source "ChessBase"]
[SourceDate "2012.11.12"]
[SourceVersion "1"]
[SourceVersionDate "2012.11.12"]
[SourceQuality "1"]

1. d4 f5 2. Nf3 Nf6 3. g3 c6 4. Bg2 d6 5. 0-0 Qc7 6. c4 e5 7. Nc3 e4 8. Nh4 Be7 9. f3 exf3 10. exf3 0-0 0-1

[Event "FICGS W-ch st1 g06 email"]
[Site "FICGS email"]
[Date "2010.07.02"]
[Round "1"]
[White "Golebiowski, Adam"]
[Black "Payzansky, Aleksey"]
[Result "0-1"]
[WhiteElo "2007"]
[BlackElo "1940"]
[PlyCount "82"]
[EventDate "2010.??.??"]
[EventType "tourn (corr)"]
[EventRounds "5"]
[SourceTitle "Corr 2013"]
[Source "ChessBase"]
[SourceDate "2012.11.12"]
[SourceVersion "1"]
[SourceVersionDate "2012.11.12"]
[SourceQuality "1"]

1. d4 Nf6 2. g3 g6 3. Bg2 Bg7 4. c4 d5 5. cxd5 Nxd5 6. Nf3 0-0 7. 0-0 Nb6 8. Nc3 Nc6 9. e3 Re8 10. Re1 Bd7 11. h3 Qc8 12. Kh2 e5 13. d5 Na5 14. e4 c6 15. dxc6 Qxc6 16. Re3 Rad8 17. Rd3 Qc7 18. b3 Nc6 19. Be3 Be6 20. Ng5 Rxd3 21. Qxd3 Nd4 22. Rd1 Qe7 23. Nf3 Nc6 24. Qb5 Qa3 25. Ng5 Qe7 26. Nxe6 fxe6 27. Ne2 Rd8 28. Rxd8+ Qxd8 29. Nc1 Nd4 30. Qa5 Nc6 31. Qc3 Nc8 32. Nd3 Nd4 33. h4 Nd6 34. a4 a5 35. b4 axb4 36. Qxb4 Nc2 37. Qb6 Qxb6 38. Bxb6 Nc4 39. Bc7 b6 40. Bf1 N2a3 41. Kg2 Kf7 0-1

[Event "FICGS class B 000110 email"]
[Site "FICGS email"]
[Date "2010.05.05"]
[Round "1"]
[White "Golebiowski, Adam"]
[Black "Marriott, Peter"]
[Result "0-1"]
[WhiteElo "1967"]
[BlackElo "1816"]
[PlyCount "42"]
[EventDate "2010.??.??"]
[EventType "tourn (corr)"]
[EventRounds "5"]
[SourceTitle "Corr 2013"]
[Source "ChessBase"]
[SourceDate "2012.11.12"]
[SourceVersion "1"]
[SourceVersionDate "2012.11.12"]
[SourceQuality "1"]

1. d4 Nf6 2. Nf3 e6 3. g3 c5 4. Bg2 Nc6 5. c4 cxd4 6. Nxd4 Qb6 7. Nb3 Qa6 8. 0-0 Qxc4 9. Nc3 d5 10. Bf4 Be7 11. Rc1 Qa6 12. e4 Nxe4 13. Nxe4 dxe4 14. Bxe4 0-0 15. Qc2 Nb4 16. Qc7 Re8 17. Nc5 Bxc5 18. Qxc5 Nd5 19. Be5 Bd7 20. Qc2 h6 21. a3 Ba4 0-1

[Event "FICGS class B 000107 email"]
[Site "FICGS email"]
[Date "2010.04.14"]
[Round "1"]
[White "Golebiowski, Adam"]
[Black "Panov, Dmitry"]
[Result "1-0"]
[WhiteElo "1800"]
[BlackElo "1988"]
[PlyCount "83"]
[EventDate "2010.??.??"]
[EventType "tourn (corr)"]
[EventRounds "6"]
[SourceTitle "Corr 2013"]
[Source "ChessBase"]
[SourceDate "2012.11.12"]
[SourceVersion "1"]
[SourceVersionDate "2012.11.12"]
[SourceQuality "1"]

1. Nf3 Nf6 2. d4 e6 3. g3 b6 4. Bg2 Bb7 5. 0-0 Be7 6. c4 0-0 7. Re1 c5 8. d5 exd5 9. Nh4 d6 10. cxd5 g6 11. Nc3 Nbd7 12. e4 Re8 13. f4 Bf8 14. a4 Bg7 15. Be3 a6 16. Bf2 Qc7 17. Bf1 Rad8 18. Bc4 Nh5 19. Qf3 Nhf6 20. Rad1 Qc8 21. Ng2 Re7 22. Ne3 Rde8 23. Bd3 Qd8 24. Nc4 Qc7 25. g4 Rf8 26. Bg3 Ne8 27. Bf1 Bd4+ 28. Kh1 h6 29. Bg2 Bxc3 30. Qxc3 b5 31. axb5 axb5 32. Ne3 f6 33. b4 Qb6 34. bxc5 Nxc5 35. Qb4 Rff7 36. e5 fxe5 37. fxe5 Na6 38. Qb1 Kh7 39. h4 Nc5 40. h5 dxe5 41. Nc4 Qf6 42. Nxe5 1-0

[Event "FICGS class B 000106 email"]
[Site "FICGS email"]
[Date "2010.04.07"]
[Round "1"]
[White "Golebiowski, Adam"]
[Black "Koenig, Paul"]
[Result "1/2-1/2"]
[WhiteElo "1800"]
[BlackElo "1964"]
[PlyCount "20"]
[EventDate "2010.??.??"]
[EventType "tourn (corr)"]
[EventRounds "1"]
[SourceTitle "Corr 2013"]
[Source "ChessBase"]
[SourceDate "2012.11.12"]
[SourceVersion "1"]
[SourceVersionDate "2012.11.12"]
[SourceQuality "1"]

1. Nf3 Nf6 2. d4 d5 3. g3 g6 4. Bg2 Bg7 5. 0-0 0-0 6. c4 dxc4 7. Na3 Nc6 8. Nxc4 Nd5 9. Nce5 Nxe5 10. Nxe5 Be6 1/2-1/2

[Event "FICGS class C 000139 email"]
[Site "FICGS email"]
[Date "2010.03.04"]
[Round "1"]
[White "Golebiowski, Adam"]
[Black "Piantadosi, Angelo"]
[Result "1-0"]
[WhiteElo "1800"]
[BlackElo "1647"]
[PlyCount "23"]
[EventDate "2010.??.??"]
[EventType "tourn (corr)"]
[EventRounds "6"]
[SourceTitle "Corr 2013"]
[Source "ChessBase"]
[SourceDate "2012.11.12"]
[SourceVersion "1"]
[SourceVersionDate "2012.11.12"]
[SourceQuality "1"]

1. d4 b6 2. c4 Bb7 3. Nc3 Nf6 4. Nf3 d5 5. cxd5 Nxd5 6. g3 Nxc3 7. bxc3 e6 8. Bg2 Be7 9. 0-0 0-0 10. Qc2 c5 11. Ng5 Bxg5 12. Bxb7 1-0